Disha's 32 years objective IIT-JEE topic wise solved papers : (Record no. 156483)
[ view plain ]
| 000 -LEADER | |
|---|---|
| fixed length control field | 00840nam a22002417a 4500 |
| 005 - DATE AND TIME OF LATEST TRANSACTION | |
| control field | 20180828125231.0 |
| 010 ## - LCCN (DPL NO) | |
| LC control number | B-410486 |
| 020 ## - INTERNATIONAL STANDARD BOOK NUMBER | |
| Terms of availability | 400.00 |
| 035 ## - SYSTEM CONTROL NUMBER | |
| System control number | B-410486 |
| 037 ## - SOURCE OF ACQUISITION | |
| Source of stock number/acquisition | Disha Publications |
| 082 ## - DEWEY DECIMAL CLASSIFICATION NUMBER | |
| Classification number | 000 |
| 100 ## - MAIN ENTRY--PERSONAL NAME | |
| Personal name | Batra, Sunil |
| 245 ## - TITLE STATEMENT | |
| Title | Disha's 32 years objective IIT-JEE topic wise solved papers : |
| Statement of responsibility, etc | by Sunil Batra ...[et.al] |
| Remainder of title | 1978-2009 / |
| 250 ## - EDITION STATEMENT | |
| Edition statement | 5th ed. |
| 260 ## - PUBLICATION, DISTRIBUTION, ETC. (IMPRINT) | |
| Place of publication, distribution, etc | New Delhi |
| Name of publisher, distributor, etc | Disha Publications |
| Date of publication, distribution, etc | 2010 |
| 270 ## - ADDRESS | |
| Address | B-32, Shivalik Main Road, Malviya Nagar |
| City | New Delhi |
| Postal code | 110017 |
| 300 ## - PHYSICAL DESCRIPTION | |
| Extent | various paging |
| Dimensions | 28 cm. (Hb) |
| 700 ## - ADDED ENTRY--PERSONAL NAME | |
| Personal name | Agarwal, O.P. |
| 9 (RLIN) | 17735 |
| 700 ## - ADDED ENTRY--PERSONAL NAME | |
| Personal name | Agarwal, D. K. |
| 9 (RLIN) | 17736 |
| 700 ## - ADDED ENTRY--PERSONAL NAME | |
| Personal name | Batra, Mamta |
| 9 (RLIN) | 17737 |
| 942 ## - ADDED ENTRY ELEMENTS (KOHA) | |
| Source of classification or shelving scheme | Dewey Decimal Classification |
| Item type | English Books |
| Call number suffix | BAT |
| Classification part | 000 |
No items available.
